Η ιστορική αξιολόγησις της 28ης Οκτωβρίου 1940
Αποθηκεύτηκε σε:
| Κύριος συγγραφέας: | |
|---|---|
| Μορφή: | Βιβλίο |
| Γλώσσα: | Greek |
| Δημοσίευση: |
Αθήναι :
[χ.ό.],
1957
|
| Θέματα: | |
| Ετικέτες: |
Προσθήκη ετικέτας
Δεν υπάρχουν, Καταχωρήστε ετικέτα πρώτοι!
|
MARC
| LEADER | 00000cam a2200000 i 4500 | ||
|---|---|---|---|
| 001 | 1/95157 | ||
| 008 | 081009s1957 gre d | ||
| 035 | |l 10100755 | ||
| 040 | |a GR-MY-UA |b gre |e aacr | ||
| 041 | 0 | |a gre | |
| 082 | 0 | |a 938.752 |2 (22) | |
| 100 | 1 | |a Νεζερίτης, Άγγελος Θ., |d 1924-1997. | |
| 245 | 1 | 2 | |a Η ιστορική αξιολόγησις της 28ης Οκτωβρίου 1940 / |c Αγγέλου Θ. Νεζερίτου |
| 260 | |a Αθήναι : |b [χ.ό.], |c 1957 | ||
| 300 | |a 15 σ.; |c 24 εκ. | ||
| 650 | 0 | 0 | |a World War, 1939-1945 |z Greece. |
| 651 | 0 | |a Greece |x History |y 1941-1944. | |
| 852 | |a INST |b RHODES |c AKA |e 20081009 |h 938.752 ΝΕΖ |p 005400030891 |q 005400030891 |t BK |y 0 | ||
| 901 | |a BIBL4-2008-3 | ||
| 909 | |a Ρ |b 153195 | ||
| 970 | |a ΚΟΖΑ |b ΜΑΡΙΑ |z 2008/10/09 | ||